OECD economic surveys

Guardado en:
Detalles Bibliográficos
Formato: Seriadas
Lenguaje:inglés
Publicado: Paris OECD 1974
Etiquetas: Agregar Etiqueta
Sin Etiquetas, Sea el primero en etiquetar este registro!

MARC

LEADER 00000nas2a2200000 4500
001 0015921
005 20250730114340.3
041 0 |a eng 
044 |a FR 
245 1 0 |a OECD economic surveys 
264 1 |a Paris  |b OECD  |c 1974 
300 |a 1 zv. 
773 0 |w eu_un_cat*s124499